000 00706cam0a220024100 4500
001 zam00002449
008 951128s1973 xx eng u
035 _a(Sirsi) r19808
035 _a(MACHINE)SLC.
100 _aWelsh, W. A.
_6A80835.1
245 1 0 _aStudying politics.
260 _c1973.
949 _aJA66
_wlcc
_i-17969
_mMAIN
_tBOOK
_lON-SHELF
949 _aJA66
_wlcc
_i-17970
_mMAIN
_tBOOK
_lON-SHELF
004 19808
591 _aClass code: PL 110.
591 _aCourse: Introduction to government and politics.
591 _aSchool: S05.
591 _aLecturer: Dr. LAWSON, L.A.
591 _aNumber of Students: 170.
900 _2MAIN
_8JA66
_9WEL
_c2
909 _aBook
999 _c169199
_d169199